000 00863nam a2200193 i 4500
001 151407
003 ES-MaACL
005 20250730063133.0
008 950418s1890 sp b |||| | spa d
100 1 _aMonreal y Ascaso, Bernardo,
_d1824-1894
_9169392
245 1 0 _aCurso de historia de España
_b: para uso de la Facultad de Filosofía y Letras, Institutos, Seminario, Escuelas normales y Escuelas especiales... /
_cpor Bernardo Monreal y Ascaso.
250 _a5ª ed.
_bnotablemente corr. y aum. por su autor.
260 _aMadrid :
_b[s.n.],
_c1890 (
_fImp. y Fundición de M. Tello)
300 _a533 p., [1] h. de map. pleg. ;
_c20 cm.
594 _aEn port.: Obra aprobada para texto por el Real Consejo de Instrucción Pública.
651 4 _aEspaña-
_xHistoria.
_98209
852 _aES-MaACL
_jB-582
_z- Enc. hol.
999 _c151407
_d151407